[Event "DEM U16 2025"]
[Site "Willingen GER"]
[Date "2025.06.11"]
[Round "6"]
[White "Blodig, Vincent"]
[Black "Sickmann, Lisa"]
[Result "1/2-1/2"]
[Termination "normal"]
[Board "13"]
[BlackTitle "WFM"]
[WhiteElo "2129"]
[BlackElo "1974"]
[WhiteClock "00:16:50"]
[BlackClock "00:45:37"]
[PlyCount "94"]
[WhiteFideId "16297857"]
[BlackFideId "16267818"]
[EventCountry "GER"]
[EventRounds "9"]
[EventType "swiss"]
[EventDate "2025.06.07"]

1. e4 {[%clk 01:30:58]} {[%emt 00:00:02]} g6 {[%clk 01:30:56]} {[%emt
00:00:05]} 2. d4 {[%clk 01:31:22]} {[%emt 00:00:07]} Bg7 {[%clk 01:31:22]}
{[%emt 00:00:04]} 3. Nf3 {[%clk 01:31:39]} {[%emt 00:00:12]} d6 {[%clk
01:31:38]} {[%emt 00:00:14]} 4. Bd3 {[%clk 01:31:58]} {[%emt 00:00:10]} a6
{[%clk 01:30:47]} {[%emt 00:01:22]} 5. c3 {[%clk 01:29:41]} {[%emt 00:02:46]}
Nd7 {[%clk 01:25:51]} {[%emt 00:05:27]} 6. O-O {[%clk 01:29:01]} {[%emt
00:01:09]} Ngf6 {[%clk 01:24:49]} {[%emt 00:01:32]} 7. Nbd2 {[%clk 01:28:50]}
{[%emt 00:00:41]} O-O {[%clk 01:24:56]} 8. Re1 {[%clk 01:28:39]} {[%emt
00:01:04]} e5 9. dxe5 Nxe5 {[%clk 01:21:28]} {[%emt 00:00:49]} 10. Nxe5 {[%clk
01:26:59]} {[%emt 00:00:53]} dxe5 {[%emt 00:02:08]} 11. Qc2 {[%clk 01:24:49]}
{[%emt 00:00:39]} Qe7 {[%emt 00:02:14]} 12. a4 {[%emt 00:00:28]} Be6 {[%emt
00:17:49]} 13. b4 {[%emt 00:03:09]} Rfd8 {[%clk 01:12:24]} {[%emt 00:01:13]}
14. Bf1 {[%emt 00:15:15]} h5 {[%emt 00:07:48]} 15. Nc4 {[%emt 00:04:15]} c5
{[%emt 00:03:16]} 16. Nb6 {[%clk 00:57:52]} {[%emt 00:05:15]} Rab8 {[%clk
00:52:48]} {[%emt 00:00:48]} 17. b5 {[%clk 00:54:56]} {[%emt 00:03:25]} Qc7
{[%clk 00:51:50]} {[%emt 00:01:28]} 18. Nc4 {[%clk 00:53:52]} {[%emt 00:01:34]}
Nd7 {[%clk 00:50:06]} {[%emt 00:02:14]} 19. Ne3 {[%clk 00:46:27]} {[%emt
00:07:56]} axb5 {[%clk 00:49:18]} {[%emt 00:01:18]} 20. Bxb5 {[%clk 00:46:24]}
{[%emt 00:00:32]} Nf8 {[%clk 00:45:10]} {[%emt 00:04:38]} 21. Ba3 {[%clk
00:41:06]} {[%emt 00:05:47]} h4 {[%clk 00:44:14]} {[%emt 00:01:26]} 22. h3
{[%clk 00:41:01]} {[%emt 00:00:36]} Nh7 {[%clk 00:43:06]} {[%emt 00:01:38]} 23.
Qe2 {[%clk 00:28:19]} {[%emt 00:13:12]} Ng5 {[%clk 00:41:08]} {[%emt 00:02:29]}
24. Bc4 {[%clk 00:25:32]} {[%emt 00:03:17]} Qa5 {[%clk 00:36:06]} {[%emt
00:05:32]} 25. Bxe6 {[%clk 00:24:53]} {[%emt 00:01:08]} Nxe6 {[%clk 00:36:23]}
{[%emt 00:00:14]} 26. Qc4 {[%clk 00:10:37]} {[%emt 00:14:45]} b5 {[%clk
00:34:47]} {[%emt 00:02:06]} 27. axb5 {[%clk 00:10:08]} {[%emt 00:01:00]} Qxb5
{[%clk 00:35:03]} {[%emt 00:00:13]} 28. Qxb5 {[%clk 00:10:11]} {[%emt
00:00:27]} Rxb5 {[%clk 00:35:26]} {[%emt 00:00:07]} 29. Nd5 {[%clk 00:09:17]}
{[%emt 00:01:22]} Kf8 {[%clk 00:30:22]} {[%emt 00:05:35]} 30. c4 {[%clk
00:05:43]} {[%emt 00:04:05]} Rb3 {[%clk 00:30:07]} {[%emt 00:00:45]} 31. Re3
{[%clk 00:05:27]} {[%emt 00:00:45]} Rxe3 {[%clk 00:29:24]} {[%emt 00:01:13]}
32. fxe3 {[%clk 00:03:43]} {[%emt 00:02:14]} Rb8 {[%clk 00:28:11]} {[%emt
00:01:44]} 33. Ra2 {[%clk 00:02:34]} {[%emt 00:01:39]} Bh6 {[%clk 00:27:41]}
{[%emt 00:00:59]} 34. Rb2 {[%clk 00:02:39]} {[%emt 00:00:25]} Ra8 {[%emt
00:00:32]} 35. Rb3 {[%clk 00:02:36]} {[%emt 00:00:32]} f5 {[%clk 00:23:24]}
{[%emt 00:04:46]} 36. Bb2 {[%clk 00:01:42]} {[%emt 00:01:24]} Bg7 {[%clk
00:23:10]} {[%emt 00:00:44]} 37. Rb6 {[%clk 00:01:28]} {[%emt 00:00:44]} Ng5
{[%clk 00:21:39]} {[%emt 00:02:00]} 38. exf5 {[%clk 00:01:32]} {[%emt
00:00:27]} gxf5 {[%clk 00:22:04]} {[%emt 00:00:05]} 39. Rb5 {[%clk 00:01:20]}
{[%emt 00:00:42]} Ne4 {[%clk 00:22:19]} {[%emt 00:00:15]} 40. Nc7 {[%clk
00:01:38]} {[%emt 00:00:13]} Ra4 {[%clk 00:20:31]} {[%emt 00:02:18]} 41. Rb7
{[%clk 00:24:27]} {[%emt 00:07:40]} Bh6 {[%clk 00:48:53]} {[%emt 00:02:08]} 42.
Ne6+ {[%clk 00:24:16]} {[%emt 00:00:41]} Kg8 {[%emt 00:01:45]} 43. Kh2 {[%emt
00:03:50]} Rb4 {[%emt 00:03:51]} 44. Nxc5 {[%clk 00:21:08]} {[%emt 00:00:27]}
Rxb7 {[%clk 00:44:31]} {[%emt 00:00:06]} 45. Nxb7 {[%clk 00:21:32]} {[%emt
00:00:07]} Bxe3 {[%clk 00:44:58]} {[%emt 00:00:03]} 46. Bxe5 {[%clk 00:21:21]}
{[%emt 00:00:41]} f4 {[%clk 00:45:15]} {[%emt 00:00:12]} 47. c5 {[%clk
00:16:50]} {[%emt 00:05:01]} Ng3 {[%clk 00:45:37]} {[%emt 00:00:08]} 1/2-1/2

[Event "DEM U16 2025"]
[Site "Willingen GER"]
[Date "2025.06.11"]
[Round "6"]
[White "Bangert, Jonas"]
[Black "Khachaturyan, Konstantin"]
[Result "1-0"]
[Termination "normal"]
[Board "14"]
[WhiteElo "1969"]
[BlackElo "1800"]
[WhiteClock "00:29:17"]
[BlackClock "00:34:39"]
[PlyCount "109"]
[WhiteFideId "16289650"]
[BlackFideId "16239083"]
[EventCountry "GER"]
[EventRounds "9"]
[EventType "swiss"]
[EventDate "2025.06.07"]

1. e4 {[%clk 01:30:57]} {[%emt 00:00:01]} c6 {[%clk 01:30:58]} {[%emt
00:00:03]} 2. Nf3 {[%clk 01:31:21]} {[%emt 00:00:06]} d5 {[%clk 01:31:23]}
{[%emt 00:00:06]} 3. Nc3 {[%clk 01:31:37]} {[%emt 00:00:13]} Bg4 {[%clk
01:31:36]} {[%emt 00:00:17]} 4. h3 {[%clk 01:31:35]} {[%emt 00:00:32]} Bxf3
{[%clk 01:31:54]} {[%emt 00:00:12]} 5. Qxf3 {[%clk 01:31:59]} {[%emt 00:00:06]}
e6 {[%clk 01:32:17]} {[%emt 00:00:08]} 6. d4 {[%clk 01:26:40]} {[%emt
00:05:49]} Nf6 {[%clk 01:29:24]} {[%emt 00:03:23]} 7. Bd3 {[%clk 01:16:26]}
{[%emt 00:10:43]} Be7 {[%clk 01:27:07]} {[%emt 00:02:47]} 8. exd5 {[%clk
01:04:40]} {[%emt 00:12:17]} cxd5 {[%clk 01:26:55]} {[%emt 00:00:41]} 9. O-O
{[%clk 01:04:36]} {[%emt 00:00:35]} Nc6 {[%clk 01:26:53]} {[%emt 00:00:31]} 10.
Ne2 {[%clk 01:04:33]} {[%emt 00:00:33]} Rc8 {[%clk 01:25:35]} {[%emt 00:01:49]}
11. c3 {[%clk 01:03:21]} {[%emt 00:01:43]} O-O {[%clk 01:25:33]} {[%emt
00:00:32]} 12. Ng3 {[%clk 00:57:48]} {[%emt 00:06:04]} Re8 {[%clk 01:23:46]}
{[%emt 00:02:16]} 13. Qe2 {[%clk 00:55:36]} {[%emt 00:02:42]} a6 {[%clk
01:21:30]} {[%emt 00:02:46]} 14. f4 {[%clk 00:53:42]} {[%emt 00:02:24]} Bd6
{[%clk 01:12:29]} {[%emt 00:09:31]} 15. Bd2 {[%clk 00:39:08]} {[%emt 00:15:05]}
Qb6 {[%clk 01:11:40]} {[%emt 00:01:19]} 16. Be3 {[%clk 00:34:10]} {[%emt
00:05:29]} g6 {[%clk 01:11:30]} {[%emt 00:00:39]} 17. f5 {[%clk 00:24:30]}
{[%emt 00:10:10]} exf5 {[%clk 01:05:01]} {[%emt 00:06:59]} 18. Nxf5 {[%clk
00:24:46]} {[%emt 00:00:13]} gxf5 {[%clk 00:49:34]} {[%emt 00:15:56]} 19. Rxf5
{[%clk 00:24:57]} {[%emt 00:00:20]} Ne7 {[%clk 00:49:28]} {[%emt 00:00:36]} 20.
Rxf6 {[%clk 00:21:58]} {[%emt 00:03:28]} Bh2+ {[%clk 00:49:21]} {[%emt
00:00:37]} 21. Kxh2 {[%clk 00:22:24]} {[%emt 00:00:04]} Qxf6 {[%clk 00:49:43]}
{[%emt 00:00:07]} 22. Rf1 {[%clk 00:20:48]} {[%emt 00:02:07]} Qg7 {[%clk
00:46:26]} {[%emt 00:03:48]} 23. Qd2 {[%clk 00:11:19]} {[%emt 00:09:58]} Rc6
{[%clk 00:44:30]} {[%emt 00:02:26]} 24. g4 {[%clk 00:09:07]} {[%emt 00:02:42]}
Re6 {[%clk 00:36:36]} {[%emt 00:08:23]} 25. Bf4 {[%clk 00:08:47]} {[%emt
00:00:50]} Nc8 {[%clk 00:35:39]} {[%emt 00:01:28]} 26. Be5 {[%clk 00:07:29]}
{[%emt 00:01:48]} f6 {[%clk 00:22:28]} {[%emt 00:13:41]} 27. Rxf6 {[%clk
00:06:48]} {[%emt 00:01:11]} Rxf6 {[%clk 00:18:00]} {[%emt 00:04:58]} 28. g5
{[%clk 00:07:13]} {[%emt 00:00:05]} Rf2+ {[%clk 00:16:01]} {[%emt 00:02:29]}
29. Qxf2 {[%clk 00:07:37]} {[%emt 00:00:06]} Qxg5 {[%clk 00:11:02]} {[%emt
00:05:29]} 30. h4 {[%clk 00:07:02]} {[%emt 00:01:04]} Qe7 {[%clk 00:09:05]}
{[%emt 00:02:28]} 31. Qg2+ {[%clk 00:03:57]} {[%emt 00:03:35]} Kf8 {[%clk
00:09:28]} {[%emt 00:00:07]} 32. Qxd5 {[%clk 00:01:23]} {[%emt 00:03:05]} Qxh4+
{[%clk 00:09:10]} {[%emt 00:00:47]} 33. Kg2 {[%clk 00:01:52]} Qg5+ {[%clk
00:08:16]} {[%emt 00:01:24]} 34. Kf3 {[%clk 00:00:39]} {[%emt 00:01:44]} Qh5+
{[%clk 00:06:58]} {[%emt 00:01:47]} 35. Kf2 {[%clk 00:00:35]} {[%emt 00:00:33]}
Rxe5 {[%clk 00:01:09]} {[%emt 00:06:20]} 36. Qxe5 {[%clk 00:00:32]} {[%emt
00:00:33]} Qxe5 {[%clk 00:00:46]} {[%emt 00:00:53]} 37. dxe5 {[%clk 00:00:58]}
{[%emt 00:00:04]} Na7 {[%clk 00:00:43]} {[%emt 00:00:33]} 38. Bxh7 {[%clk
00:01:14]} {[%emt 00:00:14]} Ke7 {[%clk 00:01:07]} {[%emt 00:00:06]} 39. Ke3
{[%clk 00:01:11]} {[%emt 00:00:32]} Ke6 {[%clk 00:01:30]} {[%emt 00:00:08]} 40.
Ke4 {[%clk 00:01:29]} {[%emt 00:00:11]} b6 {[%clk 00:01:11]} {[%emt 00:00:50]}
41. Bf5+ {[%clk 00:00:32]} {[%emt 00:01:26]} Ke7 {[%clk 00:01:36]} {[%emt
00:00:06]} 42. Kd5 {[%clk 00:29:16]} {[%emt 00:01:46]} a5 {[%clk 00:31:31]}
{[%emt 00:00:35]} 43. a4 {[%clk 00:26:38]} {[%emt 00:03:08]} Kd8 {[%clk
00:30:58]} {[%emt 00:01:03]} 44. Kd6 {[%clk 00:26:43]} {[%emt 00:00:25]} b5
{[%clk 00:31:19]} {[%emt 00:00:09]} 45. b3 {[%clk 00:27:07]} {[%emt 00:00:06]}
b4 {[%clk 00:31:33]} {[%emt 00:00:17]} 46. c4 {[%clk 00:27:27]} {[%emt
00:00:10]} Ke8 {[%clk 00:31:59]} {[%emt 00:00:05]} 47. c5 {[%clk 00:27:30]}
{[%emt 00:00:26]} Nb5+ {[%clk 00:32:15]} {[%emt 00:00:14]} 48. axb5 {[%clk
00:27:43]} {[%emt 00:00:17]} a4 {[%clk 00:32:41]} {[%emt 00:00:04]} 49. bxa4
{[%clk 00:27:55]} {[%emt 00:00:18]} b3 {[%clk 00:32:57]} {[%emt 00:00:13]} 50.
Bb1 {[%clk 00:28:19]} {[%emt 00:00:07]} Kd8 {[%clk 00:33:10]} {[%emt 00:00:17]}
51. e6 {[%clk 00:28:31]} {[%emt 00:00:17]} Kc8 {[%clk 00:33:35]} {[%emt
00:00:06]} 52. e7 {[%clk 00:28:45]} {[%emt 00:00:16]} Kb7 {[%clk 00:33:47]}
{[%emt 00:00:17]} 53. Be4+ {[%clk 00:28:41]} {[%emt 00:00:34]} Ka7 {[%clk
00:34:11]} {[%emt 00:00:06]} 54. e8=R {[%clk 00:28:51]} {[%emt 00:00:09]} b2
{[%clk 00:34:39]} {[%emt 00:00:13]} 55. Ra8# {[%clk 00:29:17]} {[%emt
00:00:05]} 1-0

[Event "DEM U16 2025"]
[Site "Willingen GER"]
[Date "2025.06.11"]
[Round "6"]
[White "Rose, Simeon"]
[Black "Jung, Marcel"]
[Result "0-1"]
[Termination "normal"]
[Board "15"]
[WhiteElo "1864"]
[BlackElo "1728"]
[WhiteClock "00:40:18"]
[BlackClock "00:56:07"]
[PlyCount "39"]
[WhiteFideId "34625062"]
[BlackFideId "34673881"]
[EventCountry "GER"]
[EventRounds "9"]
[EventType "swiss"]
[EventDate "2025.06.07"]

1. e4 {[%clk 01:30:58]} {[%emt 00:00:02]} c5 {[%clk 01:30:32]} {[%emt
00:00:27]} 2. Nf3 {[%clk 01:31:23]} {[%emt 00:00:06]} d6 {[%clk 01:30:40]}
{[%emt 00:00:22]} 3. d4 {[%clk 01:31:48]} {[%emt 00:00:05]} cxd4 {[%clk
01:30:52]} {[%emt 00:00:18]} 4. Nxd4 {[%clk 01:32:15]} {[%emt 00:00:04]} Nf6
{[%clk 01:31:14]} {[%emt 00:00:08]} 5. Nc3 {[%clk 01:32:36]} {[%emt 00:00:08]}
a6 {[%clk 01:31:34]} {[%emt 00:00:10]} 6. h3 {[%clk 01:32:30]} {[%emt
00:00:36]} e5 {[%clk 01:30:40]} {[%emt 00:01:24]} 7. Nb3 {[%clk 01:30:53]}
{[%emt 00:02:07]} Be7 {[%clk 01:30:31]} {[%emt 00:00:38]} 8. Be2 {[%clk
01:28:43]} {[%emt 00:02:41]} Be6 {[%clk 01:30:18]} {[%emt 00:00:42]} 9. O-O
{[%clk 01:28:18]} {[%emt 00:00:56]} O-O {[%clk 01:29:55]} {[%emt 00:00:51]} 10.
Be3 {[%clk 01:27:00]} {[%emt 00:01:49]} Nbd7 {[%clk 01:28:42]} {[%emt
00:01:44]} 11. a4 {[%clk 01:22:43]} {[%emt 00:04:47]} Rc8 {[%clk 01:25:00]}
{[%emt 00:04:11]} 12. a5 {[%clk 01:19:48]} {[%emt 00:03:26]} Qc7 {[%clk
01:22:12]} {[%emt 00:03:18]} 13. Qd3 {[%clk 01:13:07]} {[%emt 00:07:09]} Rfd8
{[%clk 01:19:16]} {[%emt 00:03:27]} 14. Rfc1 {[%clk 01:02:59]} {[%emt
00:10:39]} Nc5 {[%clk 01:15:57]} {[%emt 00:03:49]} 15. Qd1 {[%clk 01:01:19]}
{[%emt 00:02:11]} Qc6 {[%clk 01:09:20]} {[%emt 00:07:07]} 16. Nxc5 {[%clk
00:54:19]} {[%emt 00:07:30]} dxc5 {[%clk 01:09:28]} {[%emt 00:00:22]} 17. Qe1
{[%clk 00:52:01]} {[%emt 00:02:46]} Rd7 {[%clk 01:04:14]} {[%emt 00:05:44]} 18.
Na4 {[%clk 00:50:13]} {[%emt 00:02:19]} Rcd8 {[%clk 00:59:56]} {[%emt
00:04:48]} 19. f3 {[%clk 00:47:46]} {[%emt 00:02:58]} h6 {[%clk 00:56:07]}
{[%emt 00:04:18]} 20. Qc3 {[%clk 00:40:18]} {[%emt 00:07:58]} Rc7 {[%clk
00:49:51]} {[%emt 00:06:45]} 21. Qxe5 {[%clk 00:35:04]} {[%emt 00:05:45]} Rd4
{[%clk 00:43:27]} {[%emt 00:06:54]} 22. Qg3 {[%clk 00:21:34]} {[%emt 00:13:59]}
Nh5 {[%clk 00:36:14]} {[%emt 00:07:45]} 23. Qh2 {[%clk 00:21:50]} {[%emt
00:00:13]} Bg5 {[%clk 00:31:49]} {[%emt 00:04:54]} 24. Bxg5 {[%clk 00:17:54]}
{[%emt 00:04:26]} hxg5 {[%clk 00:30:56]} {[%emt 00:01:24]} 25. Nc3 {[%clk
00:16:51]} {[%emt 00:01:33]} Nf4 {[%clk 00:28:05]} {[%emt 00:03:21]} 26. Bf1
{[%clk 00:16:57]} {[%emt 00:00:24]} Rd2 {[%clk 00:27:19]} {[%emt 00:01:13]} 27.
Qg3 {[%clk 00:16:18]} {[%emt 00:01:11]} Qd6 {[%clk 00:26:10]} {[%emt 00:01:41]}
28. Qxg5 {[%clk 00:14:29]} {[%emt 00:02:19]} Nxh3+ {[%clk 00:26:20]} {[%emt
00:00:19]} 0-1

[Event "DEM U16 2025"]
[Site "Willingen GER"]
[Date "2025.06.11"]
[Round "6"]
[White "Bock, Leonas"]
[Black "Kaplan, Arne"]
[Result "0-1"]
[Termination "normal"]
[Board "16"]
[WhiteElo "1659"]
[BlackElo "1846"]
[WhiteClock "00:38:08"]
[BlackClock "00:52:41"]
[PlyCount "29"]
[WhiteFideId "16287118"]
[BlackFideId "34625194"]
[EventCountry "GER"]
[EventRounds "9"]
[EventType "swiss"]
[EventDate "2025.06.07"]

1. d4 {[%clk 01:30:57]} {[%emt 00:00:02]} Nf6 {[%clk 01:30:51]} {[%emt
00:00:09]} 2. Bf4 {[%clk 01:31:19]} {[%emt 00:00:09]} d5 {[%clk 01:30:51]}
{[%emt 00:00:30]} 3. e3 {[%clk 01:31:24]} {[%emt 00:00:26]} c5 {[%clk
01:31:09]} {[%emt 00:00:11]} 4. c3 {[%clk 01:31:28]} {[%emt 00:00:26]} Nc6
{[%clk 01:31:28]} {[%emt 00:00:10]} 5. Nd2 {[%clk 01:31:22]} {[%emt 00:00:37]}
Bg4 {[%clk 01:31:37]} {[%emt 00:00:21]} 6. Ngf3 {[%clk 01:30:23]} {[%emt
00:01:29]} e6 {[%clk 01:31:30]} {[%emt 00:00:37]} 7. Be2 {[%clk 01:28:52]}
{[%emt 00:02:01]} cxd4 {[%clk 01:25:03]} {[%emt 00:06:56]} 8. exd4 {[%clk
01:24:48]} {[%emt 00:04:35]} Be7 {[%clk 01:24:26]} {[%emt 00:01:07]} 9. O-O
{[%clk 01:24:53]} {[%emt 00:00:25]} O-O {[%clk 01:24:18]} {[%emt 00:00:38]} 10.
Ne5 {[%clk 01:22:07]} {[%emt 00:03:16]} Bxe2 {[%clk 01:22:43]} {[%emt
00:02:05]} 11. Qxe2 {[%clk 01:22:29]} {[%emt 00:00:08]} a6 {[%clk 01:22:17]}
{[%emt 00:00:56]} 12. a4 {[%clk 01:09:52]} {[%emt 00:13:07]} Rc8 {[%clk
01:17:49]} {[%emt 00:04:58]} 13. Rac1 {[%clk 00:58:48]} {[%emt 00:11:33]} Na7
{[%clk 01:04:54]} {[%emt 00:13:26]} 14. b4 {[%clk 00:52:58]} {[%emt 00:06:20]}
Nd7 {[%clk 00:52:41]} {[%emt 00:12:43]} 15. Qd3 {[%clk 00:38:08]} {[%emt
00:15:19]} Nxe5 {[%clk 00:47:49]} {[%emt 00:05:22]} 16. Bxe5 {[%clk 00:33:57]}
{[%emt 00:04:41]} Qd7 {[%clk 00:48:00]} {[%emt 00:00:19]} 17. Ra1 {[%clk
00:32:26]} {[%emt 00:02:01]} Bd6 {[%clk 00:37:30]} {[%emt 00:11:01]} 18. Nf3
{[%clk 00:28:12]} {[%emt 00:04:43]} Bxe5 {[%clk 00:30:16]} {[%emt 00:07:44]}
19. Nxe5 {[%clk 00:28:26]} {[%emt 00:00:16]} Qd6 {[%clk 00:30:24]} {[%emt
00:00:21]} 20. Rfe1 {[%clk 00:20:13]} {[%emt 00:08:44]} Rc7 {[%clk 00:28:23]}
{[%emt 00:02:32]} 21. Re3 {[%clk 00:15:54]} {[%emt 00:04:48]} Rfc8 {[%clk
00:25:07]} {[%emt 00:03:46]} 22. Rh3 {[%clk 00:11:15]} {[%emt 00:05:09]} h6
{[%clk 00:22:10]} {[%emt 00:03:26]} 23. Qd2 {[%clk 00:10:00]} {[%emt 00:01:46]}
Nc6 {[%clk 00:18:16]} {[%emt 00:04:24]} 24. Ng4 {[%clk 00:03:17]} {[%emt
00:07:12]} Qf8 {[%clk 00:15:48]} {[%emt 00:02:54]} 25. Re1 {[%clk 00:01:48]}
{[%emt 00:02:04]} Ne7 {[%clk 00:15:41]} {[%emt 00:00:37]} 26. Ne5 {[%clk
00:00:55]} {[%emt 00:01:23]} f6 {[%clk 00:07:22]} {[%emt 00:08:49]} 27. Ng4
{[%clk 00:00:42]} {[%emt 00:00:42]} Rc6 {[%clk 00:07:35]} {[%emt 00:00:18]} 28.
f4 {[%clk 00:00:40]} {[%emt 00:00:32]} b5 {[%clk 00:06:45]} {[%emt 00:01:21]}
29. a5 {[%clk 00:00:41]} {[%emt 00:00:30]} Nf5 {[%clk 00:07:07]} {[%emt
00:00:07]} 30. Nf2 {[%clk 00:00:50]} {[%emt 00:00:20]} Qf7 {[%clk 00:04:19]}
{[%emt 00:03:19]} 31. g4 {[%clk 00:00:46]} {[%emt 00:00:34]} Nd6 {[%clk
00:04:27]} {[%emt 00:00:22]} 32. Nd1 {[%clk 00:00:37]} {[%emt 00:00:39]} Ne4
{[%clk 00:04:07]} {[%emt 00:00:50]} 33. Qc2 {[%clk 00:00:34]} {[%emt 00:00:33]}
Qg6 {[%clk 00:04:20]} {[%emt 00:00:17]} 34. Nf2 {[%clk 00:00:33]} {[%emt
00:00:31]} Rxc3 {[%clk 00:03:21]} {[%emt 00:01:28]} 35. Rxc3 {[%clk 00:00:52]}
{[%emt 00:00:11]} Rxc3 {[%clk 00:03:46]} {[%emt 00:00:06]} 36. Qb1 {[%clk
00:01:14]} {[%emt 00:00:08]} f5 {[%clk 00:03:52]} {[%emt 00:00:23]} 37. Qb2
{[%clk 00:00:55]} {[%emt 00:00:49]} Rc4 {[%clk 00:03:14]} {[%emt 00:01:09]} 38.
h3 {[%clk 00:00:40]} {[%emt 00:00:45]} Nxf2 {[%clk 00:03:32]} {[%emt 00:00:11]}
39. Kxf2 {[%clk 00:01:09]} {[%emt 00:00:02]} fxg4 {[%clk 00:03:53]} {[%emt
00:00:09]} 40. Rg1 {[%clk 00:01:12]} {[%emt 00:00:27]} Rc2+ {[%clk 00:04:17]}
{[%emt 00:00:06]} 0-1

[Event "DEM U16 2025"]
[Site "Willingen GER"]
[Date "2025.06.12"]
[Round "7"]
[White "Atoyan, Alberto"]
[Black "Malinowsky, Levi"]
[Result "1/2-1/2"]
[Termination "normal"]
[Board "1"]
[WhiteTitle "CM"]
[BlackTitle "CM"]
[WhiteElo "2266"]
[BlackElo "2193"]
[WhiteClock "00:17:32"]
[BlackClock "00:26:20"]
[PlyCount "41"]
[WhiteFideId "13314831"]
[BlackFideId "16253094"]
[EventCountry "GER"]
[EventRounds "9"]
[EventType "swiss"]
[EventDate "2025.06.07"]

1. d4 {[%clk 01:30:55]} {[%emt 00:00:03]} Nf6 {[%clk 01:30:48]} {[%emt
00:00:13]} 2. Bg5 {[%clk 01:31:14]} {[%emt 00:00:12]} d5 {[%clk 01:30:17]}
{[%emt 00:01:01]} 3. e3 {[%clk 01:31:32]} {[%emt 00:00:11]} e6 {[%clk
01:28:37]} {[%emt 00:02:10]} 4. Nd2 {[%clk 01:31:50]} {[%emt 00:00:13]} c5
{[%clk 01:27:47]} {[%emt 00:01:20]} 5. c3 {[%clk 01:32:11]} {[%emt 00:00:09]}
Nc6 {[%clk 01:26:31]} {[%emt 00:01:46]} 6. Ngf3 {[%clk 01:32:31]} {[%emt
00:00:09]} Be7 {[%clk 01:24:03]} {[%emt 00:02:58]} 7. Bd3 {[%clk 01:32:53]}
{[%emt 00:00:07]} O-O {[%clk 01:23:16]} {[%emt 00:01:16]} 8. O-O {[%clk
01:33:18]} {[%emt 00:00:07]} b6 {[%clk 01:19:11]} {[%emt 00:04:36]} 9. Ne5
{[%clk 01:33:20]} {[%emt 00:00:28]} Bb7 {[%clk 01:12:46]} {[%emt 00:06:56]} 10.
f4 {[%clk 01:33:25]} {[%emt 00:00:25]} h6 {[%clk 00:57:46]} {[%emt 00:15:29]}
11. Bxf6 {[%clk 01:32:14]} {[%emt 00:01:41]} Bxf6 {[%clk 00:56:56]} {[%emt
00:01:20]} 12. Ndf3 {[%clk 01:15:25]} {[%emt 00:17:19]} Ne7 {[%clk 00:53:30]}
{[%emt 00:03:57]} 13. g4 {[%clk 00:59:15]} {[%emt 00:16:40]} a5 {[%clk
00:47:58]} {[%emt 00:06:02]} 14. g5 {[%clk 00:46:15]} {[%emt 00:13:30]} Bxe5
{[%clk 00:40:23]} {[%emt 00:08:05]} 15. Nxe5 {[%clk 00:45:48]} {[%emt
00:00:58]} g6 {[%clk 00:36:56]} {[%emt 00:03:57]} 16. Qe2 {[%clk 00:26:39]}
{[%emt 00:19:39]} h5 {[%clk 00:35:49]} {[%emt 00:01:36]} 17. a4 {[%clk
00:22:56]} {[%emt 00:04:14]} Kg7 {[%clk 00:33:24]} {[%emt 00:02:54]} 18. Rfd1
{[%clk 00:21:18]} {[%emt 00:02:07]} Nc8 {[%clk 00:28:24]} {[%emt 00:05:31]} 19.
Qc2 {[%clk 00:17:57]} {[%emt 00:03:52]} Ne7 {[%clk 00:26:09]} {[%emt 00:02:45]}
20. Qe2 {[%clk 00:18:14]} {[%emt 00:00:13]} Nc8 {[%clk 00:26:20]} {[%emt
00:00:19]} 21. Qc2 {[%clk 00:17:32]} {[%emt 00:01:11]} 1/2-1/2